Venezuela contra el esencialismo político /
Պահպանված է:
| Հիմնական հեղինակ: | |
|---|---|
| Ձևաչափ: | Տեքստ |
| Խորագրեր: | |
| Ցուցիչներ: |
Ավելացրեք ցուցիչ
Չկան պիտակներ, Եղեք առաջինը, ով նշում է այս գրառումը!
|
MARC
| LEADER | 00000 a a2200000 04500 | ||
|---|---|---|---|
| 001 | 10677 | ||
| 003 | |||
| 040 | |||
| 100 | |a Zubillaga, Verónica | ||
| 245 | |a Venezuela contra el esencialismo político / |c Verónica Zubillaga | ||
| 650 | |a CONFLICTOS POLITICOS | ||
| 650 | |a PROBLEMAS POLITICOS | ||
| 650 | |a CONFLICTOS SOCIALES | ||
| 773 | |g número 179; páginas 25-31 | ||
| 999 | |c 21903 |d 21903 | ||
